NSE technical transactions: a technical publication of the Nigerian Society of Engineers. (Record no. 38584)

MARC details
000 -LEADER
fixed length control field 00516nam a2200169Ia 4500
022 ## - INTERNATIONAL STANDARD SERIAL NUMBER
ISSN 11195363
050 ## - CALL MARK
Classification number TA 1 .N75/
245 #0 - TITLE STATEMENT
Title NSE technical transactions: a technical publication of the Nigerian Society of Engineers.
260 ## - PUBLICATION, DISTRIBUTION, ETC. (IMPRINT)
Place of publication Abuja
260 ## - PUBLICATION, DISTRIBUTION, ETC. (IMPRINT)
Name of publisher Nigerian society of engineers
260 ## - PUBLICATION, DISTRIBUTION, ETC. (IMPRINT)
Year of publication 2011
300 ## - PHYSICAL DESCRIPTION
Number of Pages v. : ill. ; 30 cm.
650 ## - SUBJECT ADDED ENTRY--TOPICAL TERM
Topical Term Engineering--Periodicals. Engineering--Nigeria--Periodicals.
942 ## - ADDED ENTRY ELEMENTS (KOHA)
Koha item type Serials

No items available.